000 00950nam a22002417a 4500
999 _c7208
_d7208
003 AR-CdUCM
008 190320b ||||| |||| 00| 0 spa d
040 _aMUNICIPALIDAD PROVINCIAL DEL CUSCO
_cBIBLIOTECA MUNICIPAL DEL CUSCO
041 _hfre
082 _a658.01 /
_bF31
100 _aFayol, Henri
_920319
245 _aAdministración industrial y general :
_bprevisión organización, mando, coordinación, control /
260 _aBuenos Aires :
_bEl Ateneo,
_c1956.
300 _aXXXIX, 266 páginas ;
_blaminas, cuadros, diagramas,
_c23 cm.
440 _aBiblioteca de Ciencias Económicas.
_920320
505 _aContenido: Necesidad y posibilidad de una enseñanza administrativa -- Principios y elementos de administración.
650 _aOrganización industrial
_920321
650 _aAdministración
_94472
650 _aMisión
_920322
700 _aDimitriu, Constantino (traducción)
_920323
942 _2ddc
_cLIBROS
945 _aachl